| 000 | 00699cam a2200205 a 4500 | ||
|---|---|---|---|
| 999 |
_c111188 _d111188 |
||
| 001 | 2105023 | ||
| 005 | 20190309114430.0 | ||
| 008 | 960315s1996 nyu b 001 0 eng | ||
| 020 | _a0684824078 | ||
| 040 | _cPK-LaUMT | ||
| 082 | 0 | 0 |
_a616.8527 _220 _bROS-W |
| 100 | 1 | _aRosen, Laura Epstein | |
| 245 | 1 | 0 |
_aWhen someone you love is depressed : _bhow to help your loved one without losing yourself / _cby Laura Epstein Rosen, and Xavier Francisco Amador |
| 260 |
_aNew York : _bThe Free Press, _c1996 |
||
| 300 |
_ax, 262 p. ; _c25 cm. |
||
| 650 | 0 |
_aDepression, Mental _xPopular works. |
|
| 650 | 0 |
_aDepressed persons _xFamily relationships. |
|
| 700 | 1 | _aAmador, Xavier Francisco. | |
| 942 | _cBK | ||